Функционирование и настройка метрологической релейной защиты; Энергетика: экология, надежность, безопасность

Detalles Bibliográficos
Parent link:Энергетика: экология, надежность, безопасность.— 2010.— [С. 55-63]
Autor principal: Прутик А. Ф. Алексей Фёдорович
Otros Autores: Чан Хоанг Куанг Минь, Шмойлов А. В. Анатолий Васильевич
Sumario:Заглавие с экрана.
Электронная версия печатной публикации
Lenguaje:ruso
Publicado: 2010
Materias:
Acceso en línea:http://www.lib.tpu.ru/fulltext/v/Conferences/2010/K02/1018.pdf
Formato: MixedMaterials Electrónico Capítulo de libro
KOHA link:https://koha.lib.tpu.ru/cgi-bin/koha/opac-detail.pl?biblionumber=204796

MARC

LEADER 00000naa2a2200000 4500
001 204796
005 20260127134124.0
035 |a (RuTPU)RU\TPU\book\223236 
035 |a RU\TPU\book\223216 
090 |a 204796 
100 |a 20111201d2010 k y0rusy50 ca 
101 0 |a rus 
102 |a RU 
135 |a drnn ---uucaa 
181 0 |a i  
182 0 |a b 
200 1 |a Функционирование и настройка метрологической релейной защиты  |f А. Ф. Прутик, Чан Хоанг Куанг Минь, А. В. Шмойлов 
203 |a Текст  |c электронный 
215 |a 1 файл (371 Кб) 
300 |a Заглавие с экрана. 
300 |a Электронная версия печатной публикации 
337 |a Adobe Reader 
463 1 |0 (RuTPU)RU\TPU\book\205138  |t Энергетика: экология, надежность, безопасность  |o материалы докладов XVI Всероссийской научно-технической конференции, 8-10 декабря 2010 г., Томск  |f Национальный исследовательский Томский политехнический университет (ТПУ)); Российский фонд фундаментальных исследований (РФФИ); Томское профессорское собрание; Международная академия наук экологии и безопасности жизнедеятельности (МАНЭБ)  |v [С. 55-63]  |d 2010 
610 1 |a релейная защита 
610 1 |a метрология 
610 1 |a электрические сети 
610 1 |a данные 
610 1 |a интервалы 
610 1 |a селекция границ 
610 1 |a электронный ресурс 
610 1 |a труды учёных ТПУ 
675 |a 621.316  |v 3 
700 1 |a Прутик  |b А. Ф.  |c специалист в области электрических станций  |c ассистент Томского политехнического университета  |g Алексей Фёдорович  |3 (RuTPU)RU\TPU\pers\26026 
701 0 |a Чан Хоанг Куанг Минь  |c вьетнамский специалист в области электроэнергетики  |c аспирант Томского политехнического университета  |f 1985-  |3 (RuTPU)RU\TPU\pers\29600 
701 1 |a Шмойлов  |b А. В.  |c специалист в области электроэнергетики  |c доцент Томского политехнического университета, кандидат технических наук  |f 1939-  |g Анатолий Васильевич  |3 (RuTPU)RU\TPU\pers\26025 
801 1 |a RU  |b 63413507  |c 20111130 
801 2 |a RU  |b 63413507  |c 20120607  |g RCR 
856 4 |u http://www.lib.tpu.ru/fulltext/v/Conferences/2010/K02/1018.pdf 
942 |c CF